<?xml version="1.0" encoding="UTF-8"?>
<collection xmlns="http://www.loc.gov/MARC21/slim">
<record>
  <controlfield tag="001">132904</controlfield>
  <controlfield tag="005">20230914145548.0</controlfield>
  <controlfield tag="008">230914s1857    sp ||||| |||| 00| 0 spa d</controlfield>
  <datafield tag="024" ind1="7" ind2=" ">
    <subfield code="a">847736</subfield>
    <subfield code="2">externo</subfield>
  </datafield>
  <datafield tag="024" ind1="7" ind2=" ">
    <subfield code="a">847716</subfield>
    <subfield code="2">externo</subfield>
  </datafield>
  <datafield tag="024" ind1="7" ind2=" ">
    <subfield code="a">847709</subfield>
    <subfield code="2">externo</subfield>
  </datafield>
  <datafield tag="024" ind1="7" ind2=" ">
    <subfield code="a">847685</subfield>
    <subfield code="2">externo</subfield>
  </datafield>
  <datafield tag="040" ind1=" " ind2=" ">
    <subfield code="a">ES-ZaU</subfield>
  </datafield>
  <datafield tag="100" ind1="1" ind2=" ">
    <subfield code="9">11372</subfield>
    <subfield code="a">Foz, Braulio,</subfield>
    <subfield code="d">1791-1865 </subfield>
  </datafield>
  <datafield tag="245" ind1="1" ind2="3">
    <subfield code="a">La Palabra de un Padre [manuscrito]: </subfield>
    <subfield code="b">Comedia en 5 actos en prosa/ </subfield>
    <subfield code="c">por D. Braulio Foz.... </subfield>
  </datafield>
  <datafield tag="260" ind1=" " ind2=" ">
    <subfield code="e">[Zaragoza],</subfield>
    <subfield code="g">1857</subfield>
  </datafield>
  <datafield tag="300" ind1=" " ind2=" ">
    <subfield code="a">42 p.;  </subfield>
    <subfield code="c">21 x 15 cm</subfield>
  </datafield>
  <datafield tag="336" ind1=" " ind2=" ">
    <subfield code="2">rdacontent</subfield>
    <subfield code="a">Texto</subfield>
    <subfield code="b">txt</subfield>
  </datafield>
  <datafield tag="337" ind1=" " ind2=" ">
    <subfield code="2">rdamedia</subfield>
    <subfield code="a">sin mediación</subfield>
    <subfield code="b">n</subfield>
  </datafield>
  <datafield tag="338" ind1=" " ind2=" ">
    <subfield code="2">rdacarrier</subfield>
    <subfield code="a">volumen</subfield>
    <subfield code="b">nc</subfield>
  </datafield>
  <datafield tag="510" ind1=" " ind2=" ">
    <subfield code="a">Sin referencias</subfield>
  </datafield>
  <datafield tag="600" ind1="1" ind2="4">
    <subfield code="9">11372</subfield>
    <subfield code="a">Foz, Braulio,</subfield>
    <subfield code="d">1791-1865 </subfield>
    <subfield code="v">Manuscritos</subfield>
  </datafield>
  <datafield tag="610" ind1=" " ind2="0">
    <subfield code="9">1205647</subfield>
    <subfield code="a">Universidad de Zaragoza</subfield>
    <subfield code="b">Biblioteca General</subfield>
    <subfield code="x">Archivos personales</subfield>
  </datafield>
  <datafield tag="650" ind1="0" ind2="4">
    <subfield code="9">921267</subfield>
    <subfield code="a">Literatura española</subfield>
    <subfield code="z">Aragón</subfield>
    <subfield code="y">S. XIX</subfield>
    <subfield code="v">Manuscritos</subfield>
  </datafield>
  <datafield tag="856" ind1="4" ind2=" ">
    <subfield code="s">62034</subfield>
    <subfield code="u">http://zaguan.unizar.es/record/132904/files/METS_cargaAPBUZ100_FOZ_1_19.xml</subfield>
    <subfield code="y">Fichero METS</subfield>
  </datafield>
  <datafield tag="856" ind1="4" ind2=" ">
    <subfield code="s">7058294</subfield>
    <subfield code="u">http://zaguan.unizar.es/record/132904/files/vAPBUZ100_FOZ_1_19.pdf</subfield>
    <subfield code="y">Texto completo (pdf)</subfield>
  </datafield>
  <datafield tag="856" ind1="4" ind2=" ">
    <subfield code="s">394240</subfield>
    <subfield code="u">http://zaguan.unizar.es/record/132904/files/vAPBUZ100_FOZ_1_19.jpg?subformat=icon</subfield>
    <subfield code="x">icon</subfield>
    <subfield code="y">Texto completo (pdf)</subfield>
  </datafield>
  <datafield tag="980" ind1=" " ind2=" ">
    <subfield code="b">fondos personales</subfield>
  </datafield>
  <datafield tag="998" ind1=" " ind2=" ">
    <subfield code="a">100</subfield>
    <subfield code="c">m</subfield>
    <subfield code="d">s</subfield>
    <subfield code="e">a</subfield>
  </datafield>
  <datafield tag="999" ind1=" " ind2=" ">
    <subfield code="c">847738</subfield>
    <subfield code="d">1852361</subfield>
  </datafield>
  <datafield tag="999" ind1="f" ind2="f">
    <subfield code="i">a2972f69-8f4a-4c01-ba0f-706bbf331540</subfield>
  </datafield>
  <datafield tag="952" ind1=" " ind2=" ">
    <subfield code="0">0</subfield>
    <subfield code="1">0</subfield>
    <subfield code="3">cf683bb6-a8eb-4aa8-9af9-55c5d524d364</subfield>
    <subfield code="4">0</subfield>
    <subfield code="6">APBUZ100FOZ119</subfield>
    <subfield code="7">0</subfield>
    <subfield code="9">1326262</subfield>
    <subfield code="a">100</subfield>
    <subfield code="b">-</subfield>
    <subfield code="c">c3f7083c-06cf-46f1-9025-51d1c10266e1</subfield>
    <subfield code="d">2023-09-14</subfield>
    <subfield code="e">d</subfield>
    <subfield code="f">-</subfield>
    <subfield code="l">0</subfield>
    <subfield code="o">APBUZ100-FOZ-1-19</subfield>
    <subfield code="r">2023-09-14</subfield>
    <subfield code="w">2023-09-14</subfield>
    <subfield code="x">Digitalizado-2022</subfield>
    <subfield code="y">a3499d44-1378-4e9e-8120-bbfb237e4404</subfield>
    <subfield code="/">f</subfield>
  </datafield>
  <datafield tag="945" ind1=" " ind2=" ">
    <subfield code="a">APBUZ100-FOZ-1-19   </subfield>
  </datafield>
  <datafield tag="037" ind1=" " ind2=" ">
    <subfield code="a">APBUZ100_FOZ_1_19</subfield>
  </datafield>
  <datafield tag="980" ind1=" " ind2=" ">
    <subfield code="a">PERSONAL</subfield>
    <subfield code="b">FOZ</subfield>
  </datafield>
</record>
</collection>